| 000 | 01601nam a2200481 i 4500 | ||
|---|---|---|---|
| 001 | 29851 | ||
| 003 | KOSZ 005 | ||
| 005 | 20200717121656.0 | ||
| 008 | 970510s1993 pl f |000 0 pol | ||
| 015 | _aUWD 1995/9663 | ||
| 020 | _a8385575057 | ||
| 035 | _a991000150169705066 | ||
| 035 | _a(PL-WaBN)b10085920-48omnis_nlop | ||
| 035 | _ab10085920 | ||
| 035 | _a(OCoLC)749415351 | ||
| 035 | _a(PL)b0000001008592 | ||
| 035 | _a(EXLNZ-48OMNIS_NETWORK)9910186432705606 | ||
| 040 |
_aWA N _cWA N _dKOSZ 005/EG |
||
| 080 | _a342.9 | ||
| 080 | _a351.72 | ||
| 080 | _a336.7 | ||
| 080 | _a(438) | ||
| 245 | 0 | 0 |
_aPrawo bankowe, ustawa o Narodowym Banku Polskim, przepisy związkowe / _coprac. Marek Jakubek. |
| 246 | 1 | 8 | _aPrawo bankowe |
| 250 | _aStan prawny na dzień 25 kwietnia 1993 r. | ||
| 260 |
_aLublin : _bLubelskie Wydawnictwa Prawnicze, _c1993. |
||
| 300 |
_a348, [1] s. ; _c20 cm. |
||
| 336 |
_aTekst _btxt _2rdacontent |
||
| 337 |
_aBez urządzenia pośredniczącego _bn _2rdamedia |
||
| 338 |
_aWolumin _bnc _2rdacarrier |
||
| 380 | _aKsiążki | ||
| 388 | _a1901-2000 | ||
| 388 | _a1989-2000 | ||
| 504 | _aWykaz aktów prawnych s. 240-242, 299. | ||
| 650 | 7 |
_aPrawo bankowe _2DBN |
|
| 651 | 7 |
_aPolska _2DBN |
|
| 658 | _aPrawo i wymiar sprawiedliwości | ||
| 700 | 1 |
_aJakubek, Marek _d(1951- ) _eOpracowanie |
|
| 710 | 2 |
_aLubelskie Wydawnictwa Prawnicze, Marek Jakubek _4pbl |
|
| 856 |
_uhttp://koha.tu.koszalin.pl/cgi-bin/koha/opac-detail.pl?biblionumber=29851 _yKatalog online BPK |
||
| 942 |
_2UKD _cKS |
||
| 999 |
_c29851 _d29851 |
||